01478nab a22002417a 4500999001500000003000400015005001700019008004100036040000700077100003600084245014000120260007300260300001500333500003700348505048000385505008200865650002300947650002600970650002500996650004201021773016001063942001301223 c5659d5659OSt20251226115255.0190429b xxu||||| |||| 00| 0 spa d cPJ 96102aMartínez, Agustina Lara10aLa criminalidad juvenil, el interaccionismo simbólico y el outsider. ¿De Howard Becker a Hank Chinaski? /cAgustina Lara Martínez. cCiudad Autónoma de Buenos Aires :aThomson Reuters La Ley, b2025. ap. 213-226 aCita: TR LALEY AR/DOC/1910/2025. aSumario: I. Introducción.— II. El interaccionismo simbólico: apreciaciones generales y recorrido de sus máximos exponentes.— III. Los jóvenes y la etiquetación social.— IV. El rol de las interacciones con figuras de autoridad.— V. Las subculturas juveniles y el interaccionismo simbólico: una comparación con la Escuela de Chicago.— VI. Criminología y literatura: una comparación con Charles Bukowski y Enrique Symns.— VII. Algunas conclusiones. tSi te interesa el texto completo, solicitalo a koha@justierradelfuego.gov.ar  09343aDERECHO PENAL 09614aDERECHOS HUMANOS 092486aCRIMINOLOGÍA 092730aRÉGIMEN PENAL DE LA MINORIDAD0 0265893164tRevista de derecho penal y criminología. Nº 8 - Septiembre 2025dCiudad Autónoma de Buenos Aires : Thomson Reuters La Ley, 2017-x00347914 2udccANA